[Event "DM i Hurtigskak 2021"]
[Site "Hvidovre"]
[Date "2021.11.28"]
[Round "7"]
[White "Thybo, Jesper Sondergaard"]
[Black "Bjerre, Jonas Buhl"]
[Result "0-1"]
[WhiteElo "2480"]
[BlackElo "2434"]
[PlyCount "62"]
[EventDate "2021.11.28"]
[EventType "swiss (rapid)"]
[EventRounds "7"]
[EventCountry "DEN"]

1. d4 Nf6 2. c4 e6 3. Nf3 d5 4. Nc3 dxc4 5. e4 Bb4 6. Bg5 h6 7. Bxf6 Qxf6 8.
Bxc4 c5 9. O-O O-O 10. e5 Qd8 11. Ne4 cxd4 12. Qe2 Be7 13. Rfd1 Qa5 14. a3 Rd8
15. b4 Qb6 16. g4 Nd7 17. Rac1 Qc7 18. Bxe6 Qb8 19. Bxf7+ Kxf7 20. e6+ Kg8 21.
exd7 Bxd7 22. Nxd4 Qf4 23. f3 Ba4 24. Qc4+ Kh8 25. Re1 Bh4 26. Ne6 Qxf3 27.
Nxd8 Rxd8 28. Qc3 Qxg4+ 29. Ng3 Bf6 30. Qc7 Qf3 31. Rc4 Bc6 0-1

[Event "DM i Hurtigskak 2021"]
[Site "Hvidovre"]
[Date "2021.11.28"]
[Round "7"]
[White "Vasli, Aref"]
[Black "Andersen, Mads"]
[Result "0-1"]
[WhiteElo "2466"]
[BlackElo "2491"]
[PlyCount "80"]
[EventDate "2021.11.28"]
[EventType "swiss (rapid)"]
[EventRounds "7"]
[EventCountry "DEN"]

1. e4 e5 2. Nf3 Nc6 3. Bb5 Nge7 4. O-O g6 5. c3 a6 6. Ba4 Bg7 7. d4 exd4 8.
cxd4 b5 9. Bb3 O-O 10. h3 d6 11. Nc3 Na5 12. Bg5 h6 13. Be3 Kh7 14. d5 Nxb3 15.
axb3 b4 16. Nb5 f5 17. Qc2 fxe4 18. Qxe4 Bf5 19. Qh4 Nxd5 20. Bg5 Qd7 21. Nbd4
c5 22. Nxf5 Rxf5 23. Rad1 Raf8 24. Rfe1 R8f7 25. Bc1 Rh5 26. Qg4 Nc7 27. Qg3 d5
28. Bf4 Ne6 29. Be5 Ng5 30. Nh4 Qc6 31. f4 Bxe5 32. fxe5 Qe6 33. Rf1 Rxf1+ 34.
Rxf1 Nxh3+ 35. Kh2 Ng5 36. Rf6 Qe8 37. Rxa6 Qe7 38. Kg1 Rxh4 39. Qd3 Re4 40.
Qxd5 Re1+ 0-1

[Event "DM i Hurtigskak 2021"]
[Site "Hvidovre"]
[Date "2021.11.28"]
[Round "7"]
[White "Jorgensen, Dennis"]
[Black "Bromann, Thorbjorn"]
[Result "0-1"]
[WhiteElo "2220"]
[BlackElo "2419"]
[PlyCount "122"]
[EventDate "2021.11.28"]
[EventType "swiss (rapid)"]
[EventRounds "7"]
[EventCountry "DEN"]

1. d4 g6 2. g3 Bg7 3. Bg2 d6 4. Nf3 Nc6 5. d5 Nb8 6. O-O c6 7. c4 cxd5 8. cxd5
Nf6 9. Nc3 a6 10. h3 b5 11. Nd4 Bb7 12. a3 O-O 13. Bg5 h6 14. Bxf6 Bxf6 15. Rc1
Qb6 16. e3 Bxd4 17. exd4 Nd7 18. Re1 Rfe8 19. Qd2 Kg7 20. Re2 Rac8 21. h4 Rc4
22. Rd1 Nf6 23. Bf3 b4 24. axb4 Rxb4 25. Qe1 Ng8 26. Qd2 Rb8 27. Qf4 Bc8 28.
Rdd2 a5 29. Nd1 Ba6 30. Re3 Rc8 31. Kh2 Rcc4 32. Red3 Nf6 33. Ne3 Rc1 34. Rc3
Rxc3 35. bxc3 Rb3 36. c4 Qb4 37. Rc2 Rc3 38. c5 dxc5 39. Rxc3 Qxc3 40. dxc5
Qxc5 41. h5 Qb4 42. Qe5 Qd6 43. Qd4 Bb5 44. hxg6 fxg6 45. Qa7 a4 46. Qa5 Bd7
47. Nc2 Qe5 48. Qb4 Kf7 49. Qc4 Qf5 50. Nd4 Qe5 51. Nc6 Qd6 52. Qc1 Nxd5 53.
Bxd5+ Qxd5 54. Nb4 Qh5+ 55. Kg2 Qg4 56. Qc5 Qe4+ 57. Kh2 Qe6 58. Nd5 Bc6 59.
Nf4 Qe4 60. Qc1 g5 61. Nh5 Qg2# 0-1

[Event "DM i Hurtigskak 2021"]
[Site "Hvidovre"]
[Date "2021.11.28"]
[Round "7"]
[White "Hector, Jonny"]
[Black "Ostergaard, Jens"]
[Result "1/2-1/2"]
[WhiteElo "2508"]
[BlackElo "2210"]
[PlyCount "149"]
[EventDate "2021.11.28"]
[EventType "swiss (rapid)"]
[EventRounds "7"]
[EventCountry "DEN"]

1. e4 c6 2. Nc3 d5 3. Nf3 dxe4 4. Nxe4 Nf6 5. Qe2 Nxe4 6. Qxe4 Nd7 7. Bc4 Nf6
8. Ne5 e6 9. Qe2 Be7 10. c3 O-O 11. d4 Qb6 12. O-O c5 13. dxc5 Qxc5 14. b4 Qc7
15. Bf4 Bd6 16. Rad1 b5 17. Bb3 Bb7 18. Rxd6 Qxd6 19. Ng6 e5 20. Bxe5 Rfe8 21.
Bxd6 Rxe2 22. Ne7+ Kh8 23. Nf5 Ne4 24. Be5 f6 25. Bd4 Nd2 26. Ng3 Ree8 27. Rd1
Nxb3 28. axb3 Bd5 29. Rb1 a5 30. bxa5 Rxa5 31. h4 Rea8 32. Kh2 Ra3 33. b4 Ra1
34. Rxa1 Rxa1 35. Nf5 Re1 36. h5 Kg8 37. h6 gxh6 38. Bxf6 Kf7 39. Bd4 Re6 40.
Be3 Be4 41. Nxh6+ Kg6 42. g4 Rc6 43. Bd2 Rd6 44. Bf4 Rc6 45. Bd2 Rd6 46. Be3
Rd3 47. Ng8 Rxc3 48. Kg3 Rc6 49. Kf4 Kf7 50. Nh6+ Rxh6 51. Kxe4 Rc6 52. Bc5 Ke6
53. f4 Rc8 54. f5+ Kd7 55. g5 Rg8 56. Kf4 Re8 57. g6 hxg6 58. fxg6 Ke6 59. Kg5
Rd8 60. g7 Kf7 61. Bf8 Rxf8 62. gxf8=Q+ Kxf8 63. Kf6 Ke8 64. Ke6 Kd8 65. Kd6
Kc8 66. Kc6 Kb8 67. Kxb5 Kb7 68. Kc5 Kc7 69. b5 Kb7 70. b6 Kb8 71. Kb5 Kb7 72.
Ka5 Kb8 73. Ka6 Ka8 74. b7+ Kb8 75. Kb6 1/2-1/2

[Event "DM i Hurtigskak 2021"]
[Site "Hvidovre"]
[Date "2021.11.28"]
[Round "7"]
[White "Kristensen, Kaare Hove"]
[Black "Nielsen, Viktor Haarmark"]
[Result "1/2-1/2"]
[WhiteElo "2277"]
[BlackElo "2241"]
[PlyCount "84"]
[EventDate "2021.11.28"]
[EventType "swiss (rapid)"]
[EventRounds "7"]
[EventCountry "DEN"]

1. c4 Nf6 2. Nc3 d5 3. cxd5 Nxd5 4. g3 c5 5. Bg2 Nc7 6. Nf3 Nc6 7. O-O e5 8. d3
Be7 9. Nd2 Bd7 10. Nc4 b5 11. Ne3 O-O 12. Ned5 Nxd5 13. Nxd5 Bd6 14. Be3 Rc8
15. Rc1 Nd4 16. Bxd4 exd4 17. Qd2 Be6 18. b4 Bxg3 19. hxg3 Bxd5 20. Bh3 Be6 21.
Bxe6 fxe6 22. bxc5 Qd5 23. Qa5 Rf6 24. Qa6 Qc6 25. Qxa7 Rf5 26. Qb6 Rh5 27.
Qxc6 Rxc6 28. Kg2 Rhxc5 29. Rxc5 Rxc5 30. Rb1 Kf7 31. Rb4 e5 32. Kf3 Ke6 33. a4
bxa4 34. Rxa4 Rc2 35. Ra6+ Kf7 36. Rb6 h5 37. e3 Rd2 38. exd4 exd4 39. Rb7+ Kf6
40. Rb6+ Kf7 41. Rb7+ Kf6 42. Rb6+ Ke5 1/2-1/2

[Event "DM i Hurtigskak 2021"]
[Site "Hvidovre"]
[Date "2021.11.28"]
[Round "7"]
[White "Ramkilde, Mikael"]
[Black "Sorensen, Reto Utiger"]
[Result "1-0"]
[WhiteElo "1924"]
[BlackElo "2024"]
[PlyCount "53"]
[EventDate "2021.11.28"]
[EventType "swiss (rapid)"]
[EventRounds "7"]
[EventCountry "DEN"]

1. e4 e5 2. f4 exf4 3. Nf3 Nf6 4. e5 Nh5 5. Qe2 Be7 6. d4 d6 7. exd6 Qxd6 8.
Qb5+ Qc6 9. Qxh5 Qxc2 10. Nc3 O-O 11. Ne5 g6 12. Qf3 Bb4 13. Bc4 Nd7 14. O-O
Nxe5 15. dxe5 Bf5 16. Bxf4 Qxb2 17. Nd5 Qd4+ 18. Ne3 Bc5 19. Kh1 Be4 20. Qg3 b5
21. Bb3 Rfe8 22. Ng4 Re7 23. Be3 Qb4 24. Bxc5 Bxg2+ 25. Qxg2 Qxc5 26. Bxf7+ Kg7
27. Qxa8 1-0

[Event "DM i Hurtigskak 2021"]
[Site "Hvidovre"]
[Date "2021.11.28"]
[Round "7"]
[White "Kistrup, Nicolai"]
[Black "Laursen, Niels Norskov"]
[Result "1/2-1/2"]
[WhiteElo "2229"]
[BlackElo "2250"]
[PlyCount "56"]
[EventDate "2021.11.28"]
[EventType "swiss (rapid)"]
[EventRounds "7"]
[EventCountry "DEN"]

1. d4 Nf6 2. c4 g6 3. Nc3 d5 4. cxd5 Nxd5 5. e4 Nxc3 6. bxc3 Bg7 7. Nf3 c5 8.
Be3 Qa5 9. Qd2 O-O 10. Rc1 Bg4 11. d5 Bxf3 12. gxf3 c4 13. Bh6 Nd7 14. Bxg7
Kxg7 15. Bxc4 Rac8 16. Be2 Nc5 17. c4 Qc7 18. Qd4+ f6 19. h4 e5 20. Qd2 Qd6 21.
h5 g5 22. h6+ Kh8 23. Bf1 Rc7 24. Bh3 Rd8 25. Bf5 Qe7 26. Ke2 Rd6 27. Rb1 Ra6
28. Rhd1 Qd6 1/2-1/2

[Event "DM i Hurtigskak 2021"]
[Site "Hvidovre"]
[Date "2021.11.28"]
[Round "7"]
[White "Falkesgaard, Jeppe Hald"]
[Black "Iskos, Lukas"]
[Result "1-0"]
[WhiteElo "1944"]
[BlackElo "1902"]
[PlyCount "81"]
[EventDate "2021.11.28"]
[EventType "swiss (rapid)"]
[EventRounds "7"]
[EventCountry "DEN"]

1. d4 d5 2. c4 e6 3. Nc3 Nf6 4. cxd5 exd5 5. Bg5 Be7 6. e3 h6 7. Bh4 O-O 8. Bd3
b6 9. Qc2 Bb7 10. Nf3 Nbd7 11. O-O Re8 12. a3 Rc8 13. b4 c5 14. bxc5 bxc5 15.
Qa4 cxd4 16. Qxd4 Bc5 17. Qa4 Bxe3 18. fxe3 Rxc3 19. Bb5 a6 20. Qd4 Rcxe3 21.
Bxd7 Qxd7 22. Bxf6 R8e4 23. Qb2 Re2 24. Qb6 gxf6 25. Qxf6 Qg4 26. Ne1 Qg7 27.
Qxg7+ Kxg7 28. Nd3 Rd2 29. Rf3 d4 30. Raf1 Bd5 31. Nf4 Bc4 32. Nh5+ Kh8 33. Rb1
Rg4 34. g3 Bd5 35. Rf6 Kh7 36. Rbb6 Be6 37. Rfxe6 fxe6 38. Nf6+ Kg6 39. Nxg4
Kg5 40. Nf2 e5 41. Ne4+ 1-0